000 00606nam a2200133Ia 4500
008 171212s9999 xx 000 0 und d
020 _a9780731538195
245 _ceditor Song, Ligang;Woo, Wing Thye
_aChina's Dilemma
_bEconomic Growth, the Environment and Climate Change
260 _bANU E Press
_c2008
440 _aChina Update Series
650 _aEconomic development -- Environmental aspects -- China; Climatic changes -- China; Energy consumption -- China; China -- Economic conditions; China -- Environmental conditions
650 _aEconomics
856 _uwww.jstor.org/stable/10.2307/j.ctt24h83c
999 _c351036
_d351036